00545cam a22001934a 45000010009000000050017000090080041000260100017000670200036000840400018001200410008001380420008001460800018001540820022001721000007001941010008002012450078002095040064002871246501220180201100013.0010710s2002 nyua b 001 0 eng  a 2001045449 a0471395528 (cloth : alk. paper) aDLCcDLCdDLC aeng apcc a616.8527 Ray00a616.8527 Ray2211 a10 amje10aUnderstanding depression :cJ. Raymond DePaulo, Jr., Leslie Alan Horvitz. aIncludes bibliographical references (p. 284-288) and index.